<?xml version="1.0" encoding="UTF-8"?>
<record
    xmlns:xsi="http://www.w3.org/2001/XMLSchema-instance"
    xsi:schemaLocation="http://www.loc.gov/MARC21/slim http://www.loc.gov/standards/marcxml/schema/MARC21slim.xsd"
    xmlns="http://www.loc.gov/MARC21/slim">

  <leader>01127nam2a22002531  4500</leader>
  <controlfield tag="001">rc\50312</controlfield>
  <controlfield tag="005">20250620200057.0</controlfield>
  <datafield tag="010" ind1=" " ind2=" ">
    <subfield code="a">5-07-002635-6</subfield>
    <subfield code="9">2000</subfield>
  </datafield>
  <datafield tag="035" ind1=" " ind2=" ">
    <subfield code="a">(NLR Aleph) 005399366</subfield>
  </datafield>
  <datafield tag="090" ind1=" " ind2=" ">
    <subfield code="a">7259572</subfield>
    <subfield code="c">7259572</subfield>
  </datafield>
  <datafield tag="100" ind1=" " ind2=" ">
    <subfield code="a">20021216d1994    |||y0rusy50      ca</subfield>
  </datafield>
  <datafield tag="101" ind1="0" ind2=" ">
    <subfield code="a">rus</subfield>
  </datafield>
  <datafield tag="102" ind1=" " ind2=" ">
    <subfield code="a">RU</subfield>
  </datafield>
  <datafield tag="105" ind1=" " ind2=" ">
    <subfield code="a">y   |||||||||</subfield>
  </datafield>
  <datafield tag="200" ind1="1" ind2=" ">
    <subfield code="a">&#x41E;&#x432;&#x446;&#x44B;, &#x43A;&#x43E;&#x437;&#x44B;, &#x43B;&#x43E;&#x448;&#x430;&#x434;&#x438;</subfield>
    <subfield code="f">[&#x410;.&#x41D;. &#x415;&#x444;&#x440;&#x435;&#x43C;&#x43E;&#x432; &#x438; &#x434;&#x440;.]</subfield>
  </datafield>
  <datafield tag="210" ind1=" " ind2=" ">
    <subfield code="d">1994</subfield>
    <subfield code="a">&#x411;. &#x43C;.</subfield>
  </datafield>
  <datafield tag="215" ind1=" " ind2=" ">
    <subfield code="a">229, [2] &#x441;.</subfield>
  </datafield>
  <datafield tag="461" ind1=" " ind2="0">
    <subfield code="1">001rc\50310</subfield>
    <subfield code="1">2001#$a&#x41D;&#x43E;&#x440;&#x43C;&#x44B; &#x438; &#x440;&#x430;&#x446;&#x438;&#x43E;&#x43D;&#x44B; &#x43A;&#x43E;&#x440;&#x43C;&#x43B;&#x435;&#x43D;&#x438;&#x44F; &#x441;&#x435;&#x43B;&#x44C;&#x441;&#x43A;&#x43E;&#x445;&#x43E;&#x437;&#x44F;&#x439;&#x441;&#x442;&#x432;&#x435;&#x43D;&#x43D;&#x44B;&#x445; &#x436;&#x438;&#x432;&#x43E;&#x442;&#x43D;&#x44B;&#x445;$e&#x421;&#x43F;&#x440;&#x430;&#x432;. &#x43F;&#x43E;&#x441;&#x43E;&#x431;&#x438;&#x435;$f&#x41F;&#x43E;&#x434; &#x440;&#x435;&#x434;. &#x410;.&#x41F;. &#x41A;&#x430;&#x43B;&#x430;&#x448;&#x43D;&#x438;&#x43A;&#x43E;&#x432;&#x430; &#x438; &#x434;&#x440;.$v&#x427;. 2</subfield>
    <subfield code="9">7259555</subfield>
    <subfield code="c">&#x41C;.</subfield>
    <subfield code="d">1994-</subfield>
    <subfield code="f">&#x41F;&#x43E;&#x434; &#x440;&#x435;&#x434;. &#x410;.&#x41F;. &#x41A;&#x430;&#x43B;&#x430;&#x448;&#x43D;&#x438;&#x43A;&#x43E;&#x432;&#x430; &#x438; &#x434;&#x440;.</subfield>
    <subfield code="n">&#x417;&#x43D;&#x430;&#x43D;&#x438;&#x435;</subfield>
    <subfield code="o">&#x421;&#x43F;&#x440;&#x430;&#x432;. &#x43F;&#x43E;&#x441;&#x43E;&#x431;&#x438;&#x435;</subfield>
    <subfield code="t">&#x41D;&#x43E;&#x440;&#x43C;&#x44B; &#x438; &#x440;&#x430;&#x446;&#x438;&#x43E;&#x43D;&#x44B; &#x43A;&#x43E;&#x440;&#x43C;&#x43B;&#x435;&#x43D;&#x438;&#x44F; &#x441;&#x435;&#x43B;&#x44C;&#x441;&#x43A;&#x43E;&#x445;&#x43E;&#x437;&#x44F;&#x439;&#x441;&#x442;&#x432;&#x435;&#x43D;&#x43D;&#x44B;&#x445; &#x436;&#x438;&#x432;&#x43E;&#x442;&#x43D;&#x44B;&#x445;</subfield>
    <subfield code="v">&#x427;. 2</subfield>
  </datafield>
  <datafield tag="701" ind1=" " ind2="1">
    <subfield code="a">&#x415;&#x444;&#x440;&#x435;&#x43C;&#x43E;&#x432;</subfield>
    <subfield code="b">&#x410;.&#x41D;.</subfield>
    <subfield code="g">&#x410;&#x43D;&#x430;&#x442;&#x43E;&#x43B;&#x438;&#x439; &#x41D;&#x438;&#x43A;&#x43E;&#x43B;&#x430;&#x435;&#x432;&#x438;&#x447;</subfield>
  </datafield>
  <datafield tag="801" ind1=" " ind2="0">
    <subfield code="a">RU</subfield>
    <subfield code="b">NLR</subfield>
    <subfield code="g">psbo</subfield>
  </datafield>
  <datafield tag="801" ind1=" " ind2="1">
    <subfield code="a">RU</subfield>
    <subfield code="b">ELAR</subfield>
    <subfield code="2">rusmarc</subfield>
  </datafield>
  <datafield tag="852" ind1=" " ind2=" ">
    <subfield code="a">NLR</subfield>
    <subfield code="j">94-3/3141</subfield>
  </datafield>
  <datafield tag="942" ind1=" " ind2=" ">
    <subfield code="c">BOOK</subfield>
  </datafield>
  <datafield tag="980" ind1=" " ind2=" ">
    <subfield code="a">NB</subfield>
  </datafield>
  <datafield tag="995" ind1=" " ind2=" ">
    <subfield code="5">2013-10-26</subfield>
    <subfield code="b">NLR01</subfield>
    <subfield code="c">NLR01</subfield>
    <subfield code="e">RF8</subfield>
    <subfield code="f">5399366-10</subfield>
    <subfield code="k">94-3/3141</subfield>
    <subfield code="o">0</subfield>
    <subfield code="r">BOOK</subfield>
    <subfield code="s">9433141_</subfield>
  </datafield>
</record>
